MAANGING YOUR PERSONAL FINANCES (Record no. 36088)
[ view plain ]
| 000 -LEADER | |
|---|---|
| fixed length control field | 00309nam a22001337a 4500 |
| 008 - FIXED-LENGTH DATA ELEMENTS--GENERAL INFORMATION | |
| fixed length control field | 171027b xxu||||| |||| 00| 0 eng d |
| 020 ## - INTERNATIONAL STANDARD BOOK NUMBER | |
| International Standard Book Number | 9780538628969 |
| 041 ## - LANGUAGE CODE | |
| Language code of text/sound track or separate title | eng |
| 080 ## - UNIVERSAL DECIMAL CLASSIFICATION NUMBER | |
| Edition identifier | 3 ED |
| Universal Decimal Classification number | 336 |
| 100 ## - Rafti | |
| Rafti | 56 |
| 101 ## - Shkurtesa | |
| Shkurtesa | FIN |
| 245 ## - TITLE STATEMENT | |
| Title | MAANGING YOUR PERSONAL FINANCES |
| Statement of responsibility, etc | RYAH.JS |
| 942 ## - ADDED ENTRY ELEMENTS (KOHA) | |
| Source of classification or shelving scheme | |
| Item type | Books |
| Withdrawn status | Lost status | Source of classification or shelving scheme | Damaged status | Not for loan | Collection code | Permanent location | Current location | Shelving location | Date acquired | Total Checkouts | Full call number | Barcode | Date last seen | Price effective from | Koha item type |
|---|---|---|---|---|---|---|---|---|---|---|---|---|---|---|---|
| Koleksioni i përgjithshem | UBT - Lipjan | UBT - Lipjan | Koleksioni i përgjithshem | 10/27/2017 | 336 RYA | 002-2934140 | 10/27/2017 | 10/27/2017 | Books | ||||||
| Koleksioni i përgjithshem | UBT - Lipjan | UBT - Lipjan | Koleksioni i përgjithshem | 10/27/2017 | 336 RYA | 002-2934145 | 10/27/2017 | 10/27/2017 | Books | ||||||
| Koleksioni i përgjithshem | UBT - Lipjan | UBT - Lipjan | Koleksioni i përgjithshem | 10/27/2017 | 336 RYA | 002-2934150 | 10/27/2017 | 10/27/2017 | Books | ||||||
| Koleksioni i përgjithshem | UBT - Lipjan | UBT - Lipjan | Koleksioni i përgjithshem | 10/27/2017 | 336 RYA | 002-2934155 | 10/27/2017 | 10/27/2017 | Books | ||||||
| Koleksioni i përgjithshem | UBT - Lipjan | UBT - Lipjan | Koleksioni i përgjithshem | 10/27/2017 | 336 RYA | 002-2934170 | 10/27/2017 | 10/27/2017 | Books |